000 00608nam a2200217Ia 4500
003 GCL
008 140319s9999 xx 000 0 ara d
040 _aGCL /
_cGCL
082 0 4 _a520
_bع ن
100 1 _aعبدالعزيز عثمان
245 1 0 _aالنجوم والناس والذرة /
_cعبدالعزيز عثمان
700 1 _aهاينز هابر
300 _a177 ص
490 _aالهيئة العامة للاستعلامات
_v0
650 0 4 _aالفضاء
650 0 4 _aالنجوم
650 0 4 _aالفلك
650 0 4 _aالكون
650 0 4 _aالكواكب
942 _2ddc
_cBK
999 _c49847
_d49847